000 00361pab a2200157 454500
008 180718b1995 xxu||||| |||| 00| 0 eng d
100 _aDhanoa, S.S.
245 _aSeshan - a liability
260 _c1995
300 _ap.11
362 _a10 Aug
650 _aElection officials
650 _aElections - India
773 _aHindustan Times
909 _a29865
999 _c29865
_d29865